James : (Record no. 5166)

MARC details
000 -LEADER
fixed length control field 00489nam a2200181Ia 4500
003 - CONTROL NUMBER IDENTIFIER
control field GBCCL
005 - DATE AND TIME OF LATEST TRANSACTION
control field 20241126110535.0
008 - FIXED-LENGTH DATA ELEMENTS--GENERAL INFORMATION
fixed length control field 180301b ||||| |||| 00| 0 eng d
020 ## - INTERNATIONAL STANDARD BOOK NUMBER
International Standard Book Number 0802444555
040 ## - CATALOGING SOURCE
Transcribing agency gbc
082 ## - DEWEY DECIMAL CLASSIFICATION NUMBER
Classification number 220.07
-- 227.91007
Item number JEN
100 ## - MAIN ENTRY--PERSONAL NAME
Personal name Jensen, Irving L
9 (RLIN) 7323
245 ## - TITLE STATEMENT
Title James :
Remainder of title a self study guide
260 ## - PUBLICATION, DISTRIBUTION, ETC.
Date of publication, distribution, etc. 1990
Place of publication, distribution, etc. Chicago :
Name of publisher, distributor, etc. Moody press,
300 ## - PHYSICAL DESCRIPTION
Extent 113p. ;
650 ## - SUBJECT ADDED ENTRY--TOPICAL TERM
Topical term or geographic name entry element Bible
Form subdivision James
General subdivision criticism, interpretation etc.
9 (RLIN) 9302
942 ## - ADDED ENTRY ELEMENTS (KOHA)
Edition REV
Source of classification or shelving scheme Dewey Decimal Classification
Koha item type Books
Holdings
Withdrawn status Lost status Source of classification or shelving scheme Damaged status Not for loan Home library Current Library Shelving location Date acquired Total checkouts Full call number Barcode Date last seen Copy number Price effective from Koha item type
    Dewey Decimal Classification     GRACE BIBLE COLLEGE GRACE BIBLE COLLEGE Biblical Studies 2018-03-01   220.07 JEN 005810 2025-05-01 c.1 2018-03-01 Books
© Grace Bible College Library 2025